Segunda sesión pública celebrada el día 21 de abril de 1862 / (Record no. 151071)

MARC details
000 -LEADER
campo de control de longitud fija 00858nam a2200217 i 4500
001 - NÚMERO DE CONTROL
campo de control 151071
003 - IDENTIFICADOR DE NÚMERO DE CONTROL
campo de control ES-MaACL
005 - FECHA Y HORA DE LA ÚLTIMA TRANSACCIÓN
campo de control 20250831121728.0
007 - CAMPO FIJO DE DESCRIPCIÓN FÍSICA--INFORMACIÓN GENERAL
campo de control de longitud fija t|
008 - DATOS DE LONGITUD FIJA--INFORMACIÓN GENERAL
campo de control de longitud fija 071204s1862 sp ||||1| spa d
110 2# - ENTRADA PRINCIPAL--NOMBRE DE ENTIDAD CORPORATIVA
Nombre de entidad corporativa o nombre de jurisdicción como elemento de entrada Asociación para la Reforma de los Aranceles de Aduanas
9 (RLIN) 1779
245 10 - MENCIÓN DEL TÍTULO
Título Segunda sesión pública celebrada el día 21 de abril de 1862 /
Mención de responsabilidad, etc. presidencia del excelentísimo señor D. Luis María Pastor.
260 ## - PUBLICACIÓN, DISTRIBUCIÓN, ETC.
Lugar de publicación, distribución, etc. Madrid :
Nombre del editor, distribuidor, etc. [s.n.],
Fecha de publicación, distribución, etc. 1862 (
Fabricante Imprenta de M. Galiano)
300 ## - DESCRIPCIÓN FÍSICA
Extensión 12 p. ;
Dimensiones 32 cm.
500 ## - NOTA GENERAL
Nota general Asunto de que se ocupó la Sociedad: La crisis algodonera y el aplazamiento de la reforma arancelaria.
650 #4 - PUNTO DE ACCESO ADICIONAL DE MATERIA--TÉRMINO DE MATERIA
Término de materia o nombre geográfico como elemento de entrada Aranceles de aduanas-
Subdivisión geográfica España-
Subdivisión cronológica S.XIX.
9 (RLIN) 9930
700 1# - ENTRADA AGREGADA--NOMBRE PERSONAL
Nombre de persona Pastor, Luis María.
9 (RLIN) 89484
852 4# - LOCALIZACIÓN
Ubicación ES-MaACL
Número de control de estantería T-1275-F-4
852 4# - LOCALIZACIÓN
Ubicación ES-MaACL
Número de control de estantería T-1275-F-5
Holdings
Estatus retirado Estado de pérdida Estado de daño No para préstamo Colección Biblioteca de origen Biblioteca actual Ubicación en estantería Fecha de adquisición Fuente de adquisición Total de préstamos Signatura topográfica completa Código de barras Visto por última vez Precio de reemplazo Tipo de ítem Koha
        Colección de folletos Biblioteca del Ateneo de Madrid Biblioteca del Ateneo de Madrid Depósito folletos 17/01/2008     T-1275-F-5 1157641 23/02/2023 23/02/2023 Folleto
        Colección de folletos Biblioteca del Ateneo de Madrid Biblioteca del Ateneo de Madrid Depósito folletos 17/01/2008     T-1275-F-4 1157640 23/02/2023 23/02/2023 Folleto